<?xml version="1.0" encoding="UTF-8"?><?xml-stylesheet type="text/xsl" href="static/style.xsl"?><OAI-PMH xmlns="http://www.openarchives.org/OAI/2.0/" xmlns:xsi="http://www.w3.org/2001/XMLSchema-instance" xsi:schemaLocation="http://www.openarchives.org/OAI/2.0/ http://www.openarchives.org/OAI/2.0/OAI-PMH.xsd"><responseDate>2026-04-27T19:53:57Z</responseDate><request verb="GetRecord" identifier="oai:uvadoc.uva.es:10324/4614" metadataPrefix="marc">https://uvadoc.uva.es/oai/request</request><GetRecord><record><header><identifier>oai:uvadoc.uva.es:10324/4614</identifier><datestamp>2021-06-29T09:45:37Z</datestamp><setSpec>com_10324_38</setSpec><setSpec>col_10324_852</setSpec></header><metadata><record xmlns="http://www.loc.gov/MARC21/slim" xmlns:doc="http://www.lyncode.com/xoai" xmlns:xsi="http://www.w3.org/2001/XMLSchema-instance" xmlns:dcterms="http://purl.org/dc/terms/" xsi:schemaLocation="http://www.loc.gov/MARC21/slim http://www.loc.gov/standards/marcxml/schema/MARC21slim.xsd">
<leader>00925njm 22002777a 4500</leader>
<datafield tag="042" ind1=" " ind2=" ">
<subfield code="a">dc</subfield>
</datafield>
<datafield tag="720" ind1=" " ind2=" ">
<subfield code="a">Sánchez Sánchez, Francisco Javier</subfield>
<subfield code="e">author</subfield>
</datafield>
<datafield tag="260" ind1=" " ind2=" ">
<subfield code="c">2013</subfield>
</datafield>
<datafield tag="520" ind1=" " ind2=" ">
<subfield code="a">En este trabajo se hace un análisis de una de las formas de flexibilización del mercado de trabajo en España y en Castilla y León. En un primer apartado se analiza la regulación del contrato a tiempo parcial, la situación de la U. E, y un análisis comparado entre España y los países de la Unión Europea. Posteriormente se compara la evolución del empleo a tiempo parcial en España y en Castilla y León, y en el resto de las CC.AA., como el perfil de los trabajadores a tiempo parcial. Por último, análisis de los trabajadores afiliados con contrato a tiempo parcial en Castilla y León y efectos del trabajo a Tiempo Parcial sobre los mismos.</subfield>
</datafield>
<datafield tag="024" ind2=" " ind1="8">
<subfield code="a">http://uvadoc.uva.es/handle/10324/4614</subfield>
</datafield>
<datafield ind1=" " ind2=" " tag="653">
<subfield code="a">Empleo a tiempo parcial - España - Castilla y León</subfield>
</datafield>
<datafield tag="245" ind1="0" ind2="0">
<subfield code="a">El empleo a tiempo parcial. El caso de Castilla y León.</subfield>
</datafield>
</record></metadata></record></GetRecord></OAI-PMH>